| 000 | 01745nam0a2200337 4500 | ||
|---|---|---|---|
| 001 | RU\NLR\bibl\537212 | ||
| 005 | 20260407100529.0 | ||
| 021 |
_aRU _b2004-33201 _91667 |
||
| 035 | _a(NLR Aleph) 000529480 | ||
| 090 |
_a1343842 _c1343842 |
||
| 100 | _a20040707d2003 |||y0rusy50 ca | ||
| 101 | 0 | _arus | |
| 102 | _aRU | ||
| 105 | _aa ||||||||| | ||
| 200 | 1 |
_aМатематика _eматериалы Всерос. науч. конф., посвящ. 200-летию Яросл. гос. ун-та им. П. Г. Демидова, [30-31 окт. 2003 г. _fредкол.: ...В. Г. Дурнев, д. ф.-м. н., проф. (отв. ред.) и др.] |
|
| 210 |
_aЯрославль _cЯрГУ _d2003 |
||
| 215 |
_a273, [2] с. _cил. _d21 |
||
| 300 | _aВ надзаг.: М-во образования Рос. Федерации, Яросл. гос. ун-т им. П. Г. Демидова | ||
| 320 | _aБиблиогр. в конце тр. | ||
| 606 | 0 |
_aМатематика _jСъезды, совещания и т.п. _9922118 _3RU\NLR\auth\6619329 |
|
| 686 | _aВ1я431 | ||
| 702 | 1 |
_aДурнев _bВ. Г. _gВалерий Георгиевич _4340 |
|
| 711 | 1 | 2 |
_aВсероссийская научная конференция, посвященная 200-летию Ярославского государственного университета им. П.Г. Демидова _f2003 _9610046 _3RU\NLR\AUTH\8810054757 |
| 712 | 0 | 2 |
_4570 _aЯрославский государственный университет им. П. Г. Демидова _9289283 _3RU\NLR\AUTH\888430 |
| 801 | 0 |
_aRU _bNLR _c20040707 _gPSBO |
|
| 801 | 1 |
_aRU _bNLR _c20040707 |
|
| 942 | _cBOOK | ||
| 980 | _aNB | ||
| 980 | _aNBR | ||